000 00555nam a2200205Ia 4500
003 OSt
005 20260107144217.0
008 210210b1966 xxu||||| |||| 00| 0 eng d
040 _cAL
041 _aKannada
082 _a859/1330
100 _aMANJAPPA KADIDAL
_dಮಂಜಪ್ಪ ಕಡಿದಾಳ್
_9250570
245 _aNaleya nelalu
_bನಾಳೆಯ ನೆಳಲು
260 _aBengaLUru
_b-
_c1966
650 _aneLalu
_9250571
650 _aNAleya
_9250572
690 _aKannada Fiction
_9250573
906 _a022068
942 _2ddc
_cBK
999 _c146174
_d146174